[Event "Schachverband Wuerttemberg-Bayerischer S"]
[Site "?"]
[Date "2012.05.05"]
[Round "2.2"]
[White "Strunski, Andreas"]
[Black "Fedorovsky, Michael"]
[Result "1/2-1/2"]
[WhiteElo "2328"]
[BlackElo "2395"]
[PlyCount "110"]
[EventDate "2012.??.??"]

1. d4 Nf6 2. c4 e6 3. Nc3 Bb4 4. Qc2 d5 5. a3 Bxc3+ 6. Qxc3 Ne4 7. Qc2 Nc6 8.
e3 e5 9. f3 Nf6 10. dxe5 Nxe5 11. cxd5 Qxd5 12. e4 Qe6 13. Ne2 O-O 14. Nf4 Qe7
15. Be3 b6 16. Be2 c5 17. O-O-O Bb7 18. Kb1 c4 19. Bd4 b5 20. Qc3 Rfe8 21. Rhe1
a5 22. Bxe5 Qxe5 23. Qxe5 Rxe5 24. a4 g5 25. Nh3 Rc8 26. axb5 Rxb5 27. Rd4 Rbc5
28. Rc1 c3 29. Rxc3 Rxc3 30. bxc3 g4 31. Nf4 gxf3 32. gxf3 Rxc3 33. Bd3 Rc5 34.
Rd6 Kg7 35. Rb6 Bc6 36. Kb2 Nd7 37. Ra6 Ne5 38. Be2 a4 39. Nh5+ Kg6 40. Nf4+
Kg7 41. Ra7 Kf6 42. Nh5+ Kg6 43. f4 Nc4+ 44. Kc3 Nd6+ 45. Kd4 Rc2 46. Bd3 Kxh5
47. Ra5+ Nb5+ 48. Bxb5 Bxb5 49. Rxb5+ Kg4 50. Ra5 Kxf4 51. Rf5+ Kg4 52. Rxf7
Rxh2 53. Rg7+ Kf4 54. Rf7+ Kg5 55. Ra7 Kf6 1/2-1/2

[Event "Schachverband Wuerttemberg-Bayerischer S"]
[Site "?"]
[Date "2012.05.05"]
[Round "2.3"]
[White "Koepke, Christian"]
[Black "Krassowizkij, Jaroslaw"]
[Result "1-0"]
[WhiteElo "2398"]
[BlackElo "2378"]
[PlyCount "57"]
[EventDate "2012.??.??"]

1. e4 c5 2. c3 d5 3. exd5 Qxd5 4. Nf3 g6 5. Na3 Bg7 6. Bc4 Qe4+ 7. Be2 Nh6 8.
O-O O-O 9. Re1 Nf5 10. Bc4 Qc6 11. Ne5 Qb6 12. Bb3 Nd7 13. Nac4 Qc7 14. d4 cxd4
15. cxd4 b5 16. Na3 Nxe5 17. dxe5 Bxe5 18. Nxb5 Bxh2+ 19. Kh1 Qb8 20. Nc3 Bb7
21. Qg4 h5 22. Qxg6+ Ng7 23. Rxe7 Kh8 24. Bxf7 Bf4 25. Bxf4 Qxf4 26. Rxb7 Rad8
27. g3 Qf3+ 28. Kg1 Qxb7 29. Qh6# 1-0

[Event "Schachverband Wuerttemberg-Bayerischer S"]
[Site "?"]
[Date "2012.05.05"]
[Round "2.4"]
[White "Knoedler, Dieter"]
[Black "Graf, Felix"]
[Result "0-1"]
[WhiteElo "2343"]
[BlackElo "2378"]
[PlyCount "124"]
[EventDate "2012.??.??"]

1. c4 c6 2. g3 d5 3. Nf3 Bg4 4. Bg2 e6 5. cxd5 Bxf3 6. Bxf3 cxd5 7. Nc3 Nc6 8.
d3 Nf6 9. O-O Be7 10. Bf4 O-O 11. Qa4 a6 12. Rfc1 b5 13. Qd1 Rc8 14. a3 Nd7 15.
b4 Nb6 16. Rab1 Bg5 17. Bxg5 Qxg5 18. e3 Qf6 19. d4 Nc4 20. a4 Rb8 21. axb5
axb5 22. Be2 Qe7 23. Rb3 Rb6 24. Ra1 Rfb8 25. Bf3 Qd6 26. Bg2 g6 27. Bf1 h5 28.
Kg2 Kg7 29. Be2 Ne7 30. Rbb1 Rc6 31. Bxc4 Rxc4 32. Qd3 Rxb4 33. Rxb4 Qxb4 34.
Ra6 Qc4 35. Qxc4 bxc4 36. Ra3 Nf5 37. Kf1 Nd6 38. Nd1 Kf6 39. Ke1 Ne4 40. f3
Nd6 41. Kd2 g5 42. Ra6 Nf5 43. Ra2 g4 44. Ke2 Rb3 45. Rd2 Ra3 46. Kf2 Ke7 47.
Ke2 Kd7 48. Rc2 gxf3+ 49. Kf2 Rd3 50. Rc1 Rd2+ 51. Kxf3 Rxh2 52. Nf2 Nd6 53.
Ra1 f5 54. Ra5 Ke7 55. Ra8 Kf6 56. Rf8+ Kg7 57. Rd8 Nf7 58. Re8 Ng5+ 59. Kf4
Kf6 60. Rf8+ Ke7 61. Rc8 Rxf2+ 62. Kxg5 Rf3 0-1

[Event "Schachverband Wuerttemberg-Bayerischer S"]
[Site "?"]
[Date "2012.05.05"]
[Round "2.5"]
[White "Lammers, Markus"]
[Black "Jurek, Josef"]
[Result "1-0"]
[WhiteElo "2384"]
[BlackElo "2344"]
[PlyCount "99"]
[EventDate "2012.??.??"]

1. d4 Nf6 2. Nf3 e6 3. e3 c5 4. c4 a6 5. Nc3 d5 6. a3 dxc4 7. Bxc4 b5 8. Bd3
Bb7 9. O-O Nbd7 10. Qe2 Bd6 11. e4 cxd4 12. Nxd4 Qb8 13. Kh1 Ne5 14. f4 Nxd3
15. Qxd3 Be7 16. e5 Nd7 17. f5 Nxe5 18. Qg3 Bf6 19. Bf4 g5 20. fxg6 hxg6 21.
Rfe1 Rh5 22. Ne4 Bxe4 23. Rxe4 Qd6 24. Nf3 Qd5 25. Bxe5 Qxe4 26. Bxf6 Rf5 27.
Re1 Qf4 28. Qxf4 Rxf4 29. Bc3 Rd8 30. Kg1 Rc4 31. Ne5 Rc5 32. Ng4 Rd3 33. Kf2
f5 34. Rxe6+ Kd7 35. Ne5+ Kxe6 36. Nxd3 Rc8 37. Kf3 g5 38. h3 Rc7 39. Ke3 Rc4
40. Kf3 Rc8 41. g3 Kf7 42. Ne5+ Ke6 43. Nd3 Kf7 44. Ne5+ Ke6 45. h4 Rg8 46. h5
Rd8 47. h6 a5 48. h7 b4 49. axb4 axb4 50. Nc6 1-0

[Event "Schachverband Wuerttemberg-Bayerischer S"]
[Site "?"]
[Date "2012.05.05"]
[Round "2.6"]
[White "Heidenfeld, Mark"]
[Black "Grimberg, Boris"]
[Result "1-0"]
[WhiteElo "2368"]
[BlackElo "2357"]
[PlyCount "123"]
[EventDate "2012.??.??"]

1. e4 e6 2. d4 d5 3. Nc3 Nf6 4. Bg5 Bb4 5. Nge2 dxe4 6. a3 Be7 7. g3 Nbd7 8.
Bg2 O-O 9. O-O h6 10. Bf4 c5 11. dxc5 e5 12. c6 bxc6 13. Bc1 Qc7 14. Bd2 Nd5
15. Bxe4 N7b6 16. Qc1 f5 17. Bg2 Be6 18. b3 Rad8 19. f4 e4 20. Nd1 Qd7 21. Ra2
a5 22. c4 Bc5+ 23. Kh1 Nf6 24. Bxa5 Ng4 25. Rd2 Qa7 26. Bb4 Qe7 27. h3 Nf6 28.
Nd4 Bxb4 29. axb4 Qxb4 30. Ne3 c5 31. Nxe6 Rxd2 32. Nxf8 Kxf8 33. Nxf5 Rd3 34.
Qa1 Qc3 35. Qa7 Nbd7 36. Bxe4 g6 37. Qa8+ Ne8 38. Bxd3 Qxd3 39. Re1 Ndf6 40.
Ne3 Ne4 41. Ng2 Nxg3+ 42. Kg1 Qd7 43. Qd5 Qf5 44. Qxf5+ Nxf5 45. Re5 Nd4 46.
Rxc5 Nxb3 47. Rc6 Kf7 48. Kf2 Na5 49. Rc5 Nb7 50. Rb5 Ned6 51. Rb6 Nc5 52. Ke2
Ke7 53. Nh4 g5 54. Ng6+ Kd7 55. Ne5+ Ke7 56. fxg5 hxg5 57. Kf3 Ne6 58. Kg4 Ne4
59. Nf3 Nd6 60. Nxg5 Nxg5 61. Rxd6 Nxh3 62. Rd2 1-0

[Event "Schachverband Wuerttemberg-Bayerischer S"]
[Site "?"]
[Date "2012.05.05"]
[Round "2.7"]
[White "Deglmann, Ludwig"]
[Black "Gheng, Josef"]
[Result "0-1"]
[WhiteElo "2312"]
[BlackElo "2361"]
[PlyCount "80"]
[EventDate "2012.??.??"]

1. d4 Nf6 2. c4 g6 3. Nc3 d5 4. e3 Bg7 5. cxd5 Nxd5 6. Nxd5 Qxd5 7. Ne2 O-O 8.
Nc3 Qd8 9. Be2 Nd7 10. f4 c5 11. d5 b6 12. O-O Bb7 13. Bf3 f5 14. g4 Nf6 15. g5
Ne4 16. Qb3 Nd6 17. Bd2 Qd7 18. a4 Ba6 19. Rfd1 Bd3 20. Be1 c4 21. Qa3 Rac8 22.
Nb5 a5 23. Bc3 Nxb5 24. axb5 Qd6 25. Qa2 Bc2 26. Rd4 Bxd4 27. Bxd4 Be4 28. Bxe4
fxe4 29. Rd1 Qxd5 30. Qb1 Rcd8 31. Rd2 Qf5 32. Qd1 Qxb5 33. h4 Qf5 34. Bxb6 Rd3
35. Bd4 Qh3 36. Rxd3 exd3 37. b3 e5 38. Bxe5 Qxe3+ 39. Kh1 d2 40. Qg4 Rf5 0-1

[Event "Schachverband Wuerttemberg-Bayerischer S"]
[Site "?"]
[Date "2012.05.05"]
[Round "2.8"]
[White "Werner, Marc"]
[Black "Lentrodt, Thomas"]
[Result "1/2-1/2"]
[WhiteElo "2340"]
[BlackElo "2332"]
[PlyCount "35"]
[EventDate "2012.??.??"]

1. e4 e6 2. d4 d5 3. Nc3 Nf6 4. Bg5 dxe4 5. Nxe4 Nbd7 6. Nxf6+ Nxf6 7. Bd3 c5
8. dxc5 Qa5+ 9. c3 Qxc5 10. Nf3 Bd7 11. O-O Be7 12. Qe2 h6 13. Be3 Qh5 14. Rad1
O-O 15. Bd4 Bc6 16. Ne5 Qxe2 17. Bxe2 Be4 18. c4 1/2-1/2

[Event "Schachverband Wuerttemberg-Bayerischer S"]
[Site "?"]
[Date "2012.05.05"]
[Round "2.9"]
[White "Levushkina, Elena"]
[Black "Neyman, Igor"]
[Result "1/2-1/2"]
[WhiteElo "2310"]
[BlackElo "2306"]
[PlyCount "119"]
[EventDate "2012.??.??"]

1. e4 d6 2. d4 Nf6 3. Nc3 e5 4. Nf3 Nbd7 5. Bc4 Be7 6. O-O O-O 7. Re1 c6 8. a4
a5 9. b3 exd4 10. Nxd4 Nb6 11. Bf1 d5 12. e5 Ne8 13. Bd3 g6 14. Nce2 Ng7 15.
Bh6 Re8 16. c3 Bc5 17. Ng3 Bf8 18. Qd2 Nd7 19. f4 Qb6 20. Kh1 Nc5 21. Bc2 Nce6
22. f5 Nxd4 23. cxd4 Bxf5 24. Bxf5 gxf5 25. Bxg7 Bxg7 26. Nxf5 Qd8 27. Qf4 Re6
28. Rf1 Qf8 29. Qh4 Qd8 30. Qf4 Qf8 31. Rf3 Rae8 32. Raf1 c5 33. Nd6 R8e7 34.
Nf5 Re8 35. Nxg7 Qxg7 36. dxc5 R8e7 37. Rg3 Rg6 38. Rxg6 hxg6 39. Re1 Qf8 40.
Qd4 Qd8 41. Kg1 Re6 42. Re3 Rc6 43. h4 Qe7 44. Qxd5 Rxc5 45. Qd4 Rc6 46. Rd3
Kg7 47. h5 Qc5 48. hxg6 Qxd4+ 49. Rxd4 Kxg6 50. Rd5 Rb6 51. Rd3 Kf5 52. Re3 Rb4
53. Kf2 b5 54. axb5 Rxb5 55. Kf3 Rxe5 56. Rc3 Rb5 57. g3 f6 58. Rd3 Rb4 59.
Rd5+ Kg6 60. Rxa5 1/2-1/2

[Event "Schachverband Wuerttemberg-Bayerischer S"]
[Site "?"]
[Date "2012.05.05"]
[Round "2.10"]
[White "Kvetny, Mark"]
[Black "Reich, Thomas"]
[Result "1-0"]
[WhiteElo "2155"]
[BlackElo "2388"]
[PlyCount "57"]
[EventDate "2012.??.??"]

1. d4 Nf6 2. c4 g6 3. Nc3 Bg7 4. e4 O-O 5. Nf3 c5 6. Be2 cxd4 7. Nxd4 Nc6 8.
Be3 b6 9. O-O Bb7 10. f3 Qb8 11. Qd2 Rd8 12. Rad1 d6 13. Nd5 Rd7 14. Nb5 Qf8
15. Bg5 Ne8 16. f4 e6 17. Ne3 a6 18. Nc3 Nd4 19. f5 Nxe2+ 20. Qxe2 exf5 21.
exf5 h6 22. fxg6 Bxc3 23. Qg4 Bc8 24. Bxh6 Bg7 25. Nf5 Rda7 26. Bxg7 Qxg7 27.
gxf7+ Rxf7 28. Nh6+ Kf8 29. Qxg7+ 1-0

[Event "Schachverband Wuerttemberg-Bayerischer S"]
[Site "?"]
[Date "2012.05.05"]
[Round "2.11"]
[White "Moufang, Rainer"]
[Black "Schnepp, Gunnar"]
[Result "1-0"]
[WhiteElo "2281"]
[BlackElo "2308"]
[PlyCount "61"]
[EventDate "2012.??.??"]

1. d4 Nf6 2. Bg5 e6 3. e4 c5 4. d5 h6 5. Bxf6 Qxf6 6. Nc3 a6 7. g3 e5 8. a4 d6
9. Bg2 Be7 10. Nge2 Nd7 11. O-O h5 12. f4 exf4 13. gxf4 h4 14. Bh3 Nb6 15. Qd3
Bxh3 16. Qxh3 Nd7 17. Kh1 Qh6 18. Rad1 Rd8 19. e5 dxe5 20. d6 Bxd6 21. Ne4 Bc7
22. N2c3 Qe6 23. f5 Qc6 24. Qg2 Rh7 25. Nd5 h3 26. Qg5 Kf8 27. Qe7+ Kg8 28. Ng5
Nf6 29. Qxc7 Rxd5 30. Qxf7+ Kh8 31. Qf8+ 1-0

[Event "Schachverband Wuerttemberg-Bayerischer S"]
[Site "?"]
[Date "2012.05.05"]
[Round "2.12"]
[White "Lorscheid, Gerhard"]
[Black "Miller, Eduard"]
[Result "1-0"]
[WhiteElo "2265"]
[BlackElo "2137"]
[PlyCount "77"]
[EventDate "2012.??.??"]

1. d4 Nf6 2. c4 c5 3. d5 b5 4. cxb5 a6 5. bxa6 g6 6. Nc3 Bxa6 7. Nf3 d6 8. g3
Bg7 9. Bg2 Nfd7 10. O-O Nb6 11. Qc2 N8d7 12. Rd1 O-O 13. b3 Bxe2 14. Qxe2 Bxc3
15. Bb2 Bxb2 16. Qxb2 Nf6 17. Ne1 Ra7 18. Nc2 Qa8 19. Ne3 Rb8 20. Qe2 Nbd7 21.
Nc4 Nb6 22. Ne3 Kf8 23. Rd2 Nbd7 24. Re1 Ne5 25. f4 Ned7 26. g4 Rb4 27. Nc2
Rxf4 28. Qxe7+ Kg7 29. g5 Ng4 30. Qxd6 Rf5 31. Qg3 Rxa2 32. Qxg4 Qa5 33. b4 Qa4
34. Qc4 Rxg5 35. Qc3+ Kh6 36. bxc5 Qa7 37. h4 Rg4 38. Qe3+ Kh5 39. c6 1-0

[Event "Schweizer Schachbund-Badischer Schachve"]
[Site "?"]
[Date "2012.05.05"]
[Round "2.1"]
[White "Heimann, Andreas"]
[Black "Zueger, Beat"]
[Result "1/2-1/2"]
[WhiteElo "2480"]
[BlackElo "2413"]
[PlyCount "65"]
[EventDate "2012.??.??"]

1. d4 Nf6 2. c4 c5 3. d5 b5 4. cxb5 a6 5. bxa6 g6 6. Nc3 Bxa6 7. e4 Bxf1 8.
Kxf1 d6 9. g3 Bg7 10. Kg2 Nbd7 11. Nf3 O-O 12. a4 Ra6 13. Nd2 Qa8 14. Nc4 Rb8
15. a5 e6 16. Re1 exd5 17. exd5 Rb4 18. Ra4 Rxa4 19. Qxa4 Nxd5 20. Nxd5 Qxd5+
21. Kg1 Nf8 22. Bf4 Ne6 23. Nb6 Qb7 24. Bxd6 h5 25. Rxe6 fxe6 26. Bxc5 Bxb2 27.
Qc2 Rxa5 28. Qxg6+ Bg7 29. Qxe6+ Kh7 30. Qf5+ Kg8 31. Qe6+ Kh7 32. Qf5+ Kg8 33.
Qe6+ 1/2-1/2

[Event "Schweizer Schachbund-Badischer Schachve"]
[Site "?"]
[Date "2012.05.05"]
[Round "2.2"]
[White "Moor, Roger"]
[Black "Gschnitzer, Oswald"]
[Result "1-0"]
[WhiteElo "2369"]
[BlackElo "2481"]
[PlyCount "83"]
[EventDate "2012.??.??"]

1. c4 e5 2. g3 Nc6 3. Bg2 g6 4. Nc3 Bg7 5. e4 d6 6. Nge2 Nh6 7. O-O O-O 8. d3
f5 9. Nd5 Be6 10. Bd2 Qd7 11. Qc1 Ng4 12. f3 Nf6 13. Be3 Nh5 14. exf5 gxf5 15.
f4 Rae8 16. Qd2 Bf7 17. Rae1 Nd8 18. fxe5 dxe5 19. Bc5 c6 20. Bxf8 Rxf8 21.
Ndc3 Nf6 22. Bh3 Be6 23. d4 Bxc4 24. Bxf5 Be6 25. Qd3 exd4 26. Nxd4 Bxf5 27.
Qc4+ Nd5 28. Nxf5 Rxf5 29. Rxf5 Qxf5 30. Re8+ Kf7 31. Rxd8 Bxc3 32. bxc3 Ke7
33. Qh4+ Nf6 34. Rd1 c5 35. Re1+ Kf7 36. Qc4+ Kg6 37. Qe6 Qc2 38. Qe5 Qxa2 39.
Qxc5 a5 40. h3 a4 41. g4 Qc2 42. h4 1-0

[Event "Schweizer Schachbund-Badischer Schachve"]
[Site "?"]
[Date "2012.05.05"]
[Round "2.3"]
[White "Beikert, Guenther"]
[Black "Ballmann, Martin"]
[Result "1/2-1/2"]
[WhiteElo "2436"]
[BlackElo "2384"]
[PlyCount "59"]
[EventDate "2012.??.??"]

1. e4 g6 2. d4 Bg7 3. Nf3 d6 4. Be3 Nf6 5. Nc3 O-O 6. Qd2 Bg4 7. Bh6 Bxh6 8.
Qxh6 Bxf3 9. gxf3 Nbd7 10. O-O-O e6 11. Be2 Nh5 12. f4 Qh4 13. Bxh5 Nf6 14. Qg5
Qxg5 15. fxg5 Nxh5 16. e5 d5 17. Ne2 Rac8 18. Ng3 c5 19. Nxh5 gxh5 20. h4 cxd4
21. Rxd4 Rc5 22. Rh3 Rfc8 23. c3 Rc4 24. Kd2 b5 25. Rhd3 b4 26. Rxc4 Rxc4 27.
Rd4 bxc3+ 28. bxc3 Rxd4+ 29. cxd4 Kg7 30. Ke3 1/2-1/2

[Event "Schweizer Schachbund-Badischer Schachve"]
[Site "?"]
[Date "2012.05.05"]
[Round "2.4"]
[White "Carron, Julien"]
[Black "Pfrommer, Christoph"]
[Result "0-1"]
[WhiteElo "2372"]
[BlackElo "2367"]
[PlyCount "74"]
[EventDate "2012.??.??"]

1. d4 d5 2. Nf3 Nf6 3. c4 c6 4. Qc2 dxc4 5. e4 b5 6. b3 cxb3 7. axb3 g6 8. Bd2
a5 9. Bd3 Bg7 10. O-O O-O 11. Bc3 Bb7 12. Nbd2 Nbd7 13. Ra2 Re8 14. Rfa1 e5 15.
Bxa5 Qe7 16. Bc3 Rxa2 17. Rxa2 b4 18. Bb2 exd4 19. Ra7 Nc5 20. e5 Nfd7 21. Bxd4
Ra8 22. Rxa8+ Bxa8 23. Bf1 Ne6 24. Qa2 Qd8 25. Bb2 c5 26. Bc4 Nb6 27. Bf1 Bd5
28. Qa6 Bh6 29. g3 Qc7 30. Qd3 Qc6 31. Bg2 Bxd2 32. Nxd2 Bxg2 33. f3 Bh3 34. g4
Qd5 35. Qe3 c4 36. bxc4 Nxc4 37. Nxc4 Qxc4 0-1

[Event "Schweizer Schachbund-Badischer Schachve"]
[Site "?"]
[Date "2012.05.05"]
[Round "2.5"]
[White "Werner, Clemens"]
[Black "Moor, Olivier"]
[Result "1/2-1/2"]
[WhiteElo "2322"]
[BlackElo "2371"]
[PlyCount "110"]
[EventDate "2012.??.??"]

1. Nf3 Nf6 2. g3 d5 3. Bg2 e6 4. O-O b5 5. b3 Bb7 6. Bb2 Nbd7 7. c4 a6 8. d4 c5
9. cxd5 Bxd5 10. Nc3 Bb7 11. Qd2 Be7 12. Ng5 Bxg2 13. Kxg2 Nb6 14. Rad1 c4 15.
bxc4 Nxc4 16. Qc2 Rc8 17. Bc1 O-O 18. Qd3 b4 19. Nce4 Nxe4 20. Nxe4 Qd5 21. f3
Rfd8 22. Qb3 Qb5 23. Rd3 Na5 24. Qb1 Qc4 25. Nd2 Qc2 26. Bb2 f5 27. Rc1 Qxb1
28. Rxb1 Bg5 29. f4 Be7 30. Kf2 Nb7 31. Ke1 Nd6 32. Kd1 h6 33. Rc1 Rxc1+ 34.
Bxc1 Nb5 35. Bb2 Bf6 36. Nb3 Kf7 37. Rd2 g5 38. e3 Rc8 39. Rc2 Rxc2 40. Kxc2
Nd6 41. Kd3 Bd8 42. a3 bxa3 43. Bxa3 Be7 44. Bxd6 Bxd6 45. fxg5 hxg5 46. e4
fxe4+ 47. Kxe4 Kf6 48. d5 exd5+ 49. Kxd5 Bb4 50. Ke4 Kg6 51. g4 Kf6 52. Nd4 Bc5
53. Nf3 a5 54. Kd5 Be7 55. h4 gxh4 1/2-1/2

[Event "Schweizer Schachbund-Badischer Schachve"]
[Site "?"]
[Date "2012.05.05"]
[Round "2.6"]
[White "Rosenthal, Jonathan"]
[Black "Rosner, Jonas"]
[Result "1-0"]
[WhiteElo "2325"]
[BlackElo "2285"]
[PlyCount "85"]
[EventDate "2012.??.??"]

1. d4 d5 2. c4 e6 3. Nf3 c6 4. e3 Nf6 5. b3 Nbd7 6. Bd3 b6 7. O-O Bb7 8. Bb2
Be7 9. Nc3 O-O 10. Qe2 Qc7 11. Rac1 Rad8 12. cxd5 exd5 13. a3 Qb8 14. b4 Rfe8
15. Rfd1 Bd6 16. Qc2 h6 17. Ne2 Ne4 18. Ng3 Ndf6 19. Nf5 Bf8 20. Ne5 Rc8 21. f3
Nd6 22. Nxd6 Bxd6 23. f4 c5 24. bxc5 bxc5 25. dxc5 Bxc5 26. Qe2 Qd6 27. Rxc5
Qxc5 28. Bd4 Qxa3 29. Ng4 Rc6 30. Bxf6 Rxf6 31. Nxf6+ gxf6 32. Qg4+ Kf8 33. Qh3
Kg7 34. Qg4+ Kf8 35. Qh3 Kg7 36. Qf5 Rxe3 37. Qh7+ Kf8 38. Bb5 Ke7 39. Qh8 Ke6
40. f5+ Kxf5 41. Rf1+ Ke4 42. Qxf6 d4 43. Qf5# 1-0

[Event "Schweizer Schachbund-Badischer Schachve"]
[Site "?"]
[Date "2012.05.05"]
[Round "2.7"]
[White "Vatter, Hans-Joachim"]
[Black "Grandadam, Nicolas"]
[Result "1/2-1/2"]
[WhiteElo "2309"]
[BlackElo "2308"]
[PlyCount "57"]
[EventDate "2012.??.??"]

1. e4 c5 2. Nf3 e6 3. d4 cxd4 4. Nxd4 a6 5. Nc3 Qc7 6. Bd3 Bc5 7. Nb3 Be7 8. f4
d6 9. Qf3 Nc6 10. Be3 Nf6 11. g4 Nd7 12. g5 b5 13. a4 b4 14. Nb1 a5 15. N1d2
Bb7 16. h4 h5 17. O-O g6 18. Qf2 O-O 19. Nf3 Qb8 20. Rad1 Rd8 21. Nfd4 Nxd4 22.
Bxd4 Rf8 23. f5 Ne5 24. Bxe5 dxe5 25. fxe6 fxe6 26. Qb6 Qa7 27. Qxa7 Rxa7 28.
Rxf8+ Kxf8 29. Kf2 1/2-1/2

[Event "Schweizer Schachbund-Badischer Schachve"]
[Site "?"]
[Date "2012.05.05"]
[Round "2.8"]
[White "Wirthensohn, Heinz"]
[Black "Lutz, Bernhard"]
[Result "1/2-1/2"]
[WhiteElo "2336"]
[BlackElo "2325"]
[PlyCount "50"]
[EventDate "2012.??.??"]

1. d4 Nf6 2. Nf3 d5 3. Bf4 c5 4. e3 Nc6 5. c3 Qb6 6. Qc2 Bg4 7. dxc5 Qxc5 8.
Nbd2 e6 9. Qb3 Bd6 10. Qxb7 Rb8 11. Bxd6 Qxd6 12. Qa6 O-O 13. Bb5 Rb6 14. Qa4
Ne7 15. Nb3 e5 16. Be2 a6 17. Qa3 Qxa3 18. bxa3 Ng6 19. h3 Bf5 20. Nfd2 Rc8 21.
c4 dxc4 22. Nxc4 Rbc6 23. Nca5 Rd6 24. Nc4 Rdc6 25. Nca5 Rd6 1/2-1/2

[Event "Schweizer Schachbund-Badischer Schachve"]
[Site "?"]
[Date "2012.05.05"]
[Round "2.9"]
[White "Tiemann, Christoph"]
[Black "Huss, Andreas"]
[Result "1/2-1/2"]
[WhiteElo "2274"]
[BlackElo "2310"]
[PlyCount "118"]
[EventDate "2012.??.??"]

1. c4 e6 2. g3 Nf6 3. Bg2 d5 4. Nf3 Be7 5. O-O O-O 6. b3 a5 7. Nc3 d4 8. Nb5 c5
9. e3 Nc6 10. exd4 cxd4 11. Re1 Re8 12. d3 Bb4 13. Bd2 e5 14. Bxb4 axb4 15. Ng5
Ra5 16. Ne4 Nxe4 17. Bxe4 Na7 18. Nxa7 Rxa7 19. Qd2 Qd6 20. f4 exf4 21. Bxh7+
Kf8 22. c5 Rxe1+ 23. Rxe1 Qc6 24. Be4 Qc7 25. gxf4 Kg8 26. Qxb4 Rxa2 27. Qxd4
Bh3 28. Re3 Qc8 29. Rxh3 Qg4+ 30. Kh1 Qd1+ 31. Qg1 Qxb3 32. Rg3 g6 33. f5 Qa4
34. Rxg6+ fxg6 35. Bd5+ Kf8 36. Bxa2 Qxa2 37. fxg6 Qd5+ 38. Qg2 Qxd3 39. Qf2+
Kg7 40. Qf7+ Kh6 41. Qf4+ Kg7 42. Qf7+ Kh6 43. h4 Qe4+ 44. Kg1 Qe1+ 45. Kg2
Qe2+ 46. Kg3 Qe3+ 47. Kg4 Qg1+ 48. Kf4 Qd4+ 49. Kf3 Qd3+ 50. Kg4 Qd1+ 51. Kf5
Qf3+ 52. Ke6 Qc6+ 53. Ke7 Qxc5+ 54. Kd8 Qd6+ 55. Kc8 Qxg6 56. Qf4+ Kh5 57. Kxb7
Qg4 58. Qxg4+ Kxg4 59. Kc6 Kxh4 1/2-1/2

[Event "Schweizer Schachbund-Badischer Schachve"]
[Site "?"]
[Date "2012.05.05"]
[Round "2.10"]
[White "Colmenares, Aurelio"]
[Black "Fiderer, Lukas"]
[Result "1/2-1/2"]
[WhiteElo "2283"]
[BlackElo "2223"]
[PlyCount "107"]
[EventDate "2012.??.??"]

1. e4 c5 2. Nf3 d6 3. d4 cxd4 4. Nxd4 Nf6 5. Nc3 g6 6. Be3 Bg7 7. f3 a6 8. Qd2
Nbd7 9. Bh6 Bxh6 10. Qxh6 b5 11. O-O-O Bb7 12. g3 Rc8 13. Bh3 Rxc3 14. Bxd7+
Nxd7 15. bxc3 Qa5 16. Qg7 Rf8 17. Nb3 Qxa2 18. Qd4 f5 19. Qa7 Bc8 20. f4 Kf7
21. e5 Qa3+ 22. Kd2 dxe5 23. Ke2 Qa4 24. Rhe1 Qc4+ 25. Kf2 Nf6 26. fxe5 Ne4+
27. Kg1 Qxc3 28. Nd4 Qc5 29. Qxc5 Nxc5 30. Nc6 Ne6 31. Na5 Ng5 32. Kf2 Be6 33.
Nc6 Rc8 34. Nd8+ Ke8 35. h4 Rxc2+ 36. Ke3 Rc3+ 37. Kf2 Rc2+ 38. Ke3 Rc3+ 39.
Kf2 Rc8 40. hxg5 Rxd8 41. Rxd8+ Kxd8 42. Ra1 Bc8 43. Rc1 a5 44. Rc5 Bd7 45. Ke3
a4 46. Kd2 b4 47. Kc2 Ke8 48. Rc4 a3 49. Rxb4 a2 50. Kb2 Be6 51. Rb8+ Kf7 52.
Rh8 Kg7 53. Re8 Kf7 54. Rh8 1/2-1/2

[Event "Schweizer Schachbund-Badischer Schachve"]
[Site "?"]
[Date "2012.05.05"]
[Round "2.11"]
[White "Petermann, Michail"]
[Black "Gaehwiler, Gabriel"]
[Result "0-1"]
[WhiteElo "2203"]
[BlackElo "2280"]
[PlyCount "94"]
[EventDate "2012.??.??"]

1. e4 c5 2. Nf3 d6 3. d4 cxd4 4. Nxd4 Nf6 5. Nc3 a6 6. f3 e5 7. Nb3 Be6 8. Be3
Be7 9. Qd2 O-O 10. O-O-O a5 11. Kb1 a4 12. Nc1 a3 13. b3 Ra5 14. g4 d5 15. g5
d4 16. gxf6 Bxf6 17. Bf2 dxc3 18. Qxd8 Rxd8 19. Rxd8+ Bxd8 20. Ne2 Nc6 21. Nxc3
Nd4 22. Bxd4 exd4 23. Nb5 Bf6 24. Be2 Be5 25. h4 h5 26. Rd1 Bg3 27. Nxd4 Bxh4
28. f4 Bg4 29. Bxg4 hxg4 30. e5 Rd5 31. c4 Rxd4 32. Rxd4 Bf2 33. Rd8+ Kh7 34.
f5 g3 35. Kc2 g2 36. Rd1 g1=Q 37. Rxg1 Bxg1 38. Kd3 Kh6 39. Ke4 Kg5 40. b4 b6
41. e6 fxe6 42. fxe6 Kf6 43. Kd5 Ke7 44. Ke5 Bh2+ 45. Kd5 g5 46. c5 bxc5 47.
bxc5 g4 0-1

[Event "Schweizer Schachbund-Badischer Schachve"]
[Site "?"]
[Date "2012.05.05"]
[Round "2.12"]
[White "Schaerer, Julian"]
[Black "Maehrlein, Christoph"]
[Result "1-0"]
[WhiteElo "2264"]
[BlackElo "2134"]
[PlyCount "81"]
[EventDate "2012.??.??"]

1. e4 d6 2. d4 Nf6 3. Nc3 g6 4. f3 c6 5. Be3 Nbd7 6. Qd2 Qa5 7. O-O-O b5 8. Kb1
b4 9. Nce2 Rb8 10. g4 Nb6 11. Nc1 Na4 12. Nb3 Qc7 13. Ne2 a5 14. g5 Nd7 15. h4
Bg7 16. h5 O-O 17. hxg6 hxg6 18. Bh3 Ndb6 19. Nf4 Nc4 20. Qh2 e5 21. Be6 Na3+
22. bxa3 Nc3+ 23. Ka1 Re8 24. Qh7+ Kf8 25. Nxg6+ fxg6 26. Qg8+ Ke7 27. Qxg7+
Kd8 28. Qf6+ Qe7 29. Bxc8 Nxd1 30. Rxd1 Kxc8 31. Qxe7 Rxe7 32. Nxa5 Kc7 33.
dxe5 Rxe5 34. Bf4 Rxa5 35. Bxd6+ Kb7 36. Bxb8 bxa3 37. Bf4 Ra8 38. Be5 Kb6 39.
Rd3 c5 40. c4 Ra7 41. Kb1 1-0

[Event "Badischer Schachverband-Schachverband W"]
[Site "?"]
[Date "2012.05.05"]
[Round "3.1"]
[White "Braeuning, Rudolf Wilhelm"]
[Black "Heimann, Andreas"]
[Result "1/2-1/2"]
[WhiteElo "2392"]
[BlackElo "2480"]
[PlyCount "22"]
[EventDate "2012.??.??"]

1. c4 c5 2. Nc3 g6 3. Nf3 Bg7 4. e3 Nf6 5. d4 O-O 6. Be2 d5 7. dxc5 Qa5 8. cxd5
Nxd5 9. Qxd5 Bxc3+ 10. Bd2 Bxd2+ 11. Qxd2 Qxc5 1/2-1/2

[Event "Badischer Schachverband-Schachverband W"]
[Site "?"]
[Date "2012.05.05"]
[Round "3.2"]
[White "Gschnitzer, Oswald"]
[Black "Strunski, Andreas"]
[Result "0-1"]
[WhiteElo "2481"]
[BlackElo "2328"]
[PlyCount "64"]
[EventDate "2012.??.??"]

1. d4 d5 2. c4 c6 3. Nc3 Nf6 4. e3 e6 5. Nf3 Nbd7 6. Bd3 Bd6 7. e4 dxe4 8. Nxe4
Nxe4 9. Bxe4 h6 10. O-O O-O 11. Bc2 e5 12. b3 Re8 13. Re1 exd4 14. Rxe8+ Qxe8
15. Qxd4 Bc5 16. Qd3 Nf8 17. Bb2 Be6 18. Qc3 f6 19. b4 Bb6 20. Nd4 Bxd4 21.
Qxd4 Rd8 22. Qe4 Qf7 23. Bb3 b5 24. Qxc6 bxc4 25. Bc2 Rd2 26. Rc1 Bd5 27. Qd6
Qh5 28. h3 Qe2 29. Qc5 Bf7 30. b5 Rxc2 31. Rxc2 Qxc2 32. Bd4 Ne6 0-1

[Event "Badischer Schachverband-Schachverband W"]
[Site "?"]
[Date "2012.05.05"]
[Round "3.3"]
[White "Krassowizkij, Jaroslaw"]
[Black "Beikert, Guenther"]
[Result "1-0"]
[WhiteElo "2378"]
[BlackElo "2436"]
[PlyCount "95"]
[EventDate "2012.??.??"]

1. c4 c6 2. g3 d5 3. Nf3 Nf6 4. Bg2 dxc4 5. O-O Nbd7 6. Na3 Nb6 7. Qc2 Be6 8.
b3 cxb3 9. axb3 g6 10. Bb2 Bg7 11. Nc4 O-O 12. Na5 Qc8 13. Rfc1 Nbd5 14. Nd4
Bd7 15. b4 e5 16. Nf3 Bf5 17. Qb3 e4 18. Nd4 Bh3 19. Bh1 a6 20. d3 Re8 21. b5
axb5 22. Nxb5 Qd7 23. dxe4 Nxe4 24. Bxg7 Kxg7 25. Bxe4 Rxe4 26. Nc3 Rb4 27. Qc2
Nf6 28. Nb3 Rxa1 29. Rxa1 b6 30. Nd2 c5 31. e3 Bf5 32. e4 Bh3 33. Nf3 Qg4 34.
Ne5 Qe6 35. Nd3 Qc4 36. Rc1 Rb3 37. Ne5 Qe6 38. Nd5 Ra3 39. Qb2 Ra4 40. Nd7
Rxe4 41. Qxf6+ Qxf6 42. N7xf6 Rd4 43. Ne8+ Kf8 44. Nec7 c4 45. Nxb6 c3 46. Nbd5
c2 47. Ne3 Rb4 48. Nxc2 1-0